00650cam a22002057a 4500003000500000005001700005008004100022010001000063011001000073020001800083035001000101040000900111082002200120100003200142245014000174260006100314300001100375700003100386700002700417CHAP20220329133807.0971013s2010 r 00010 spa d a10990 a11962 a9786074950397 a13153 cCHAP04a305.26097252bS2100aSánchez Arteche, Alfonso.12aEl rostro del tiempo :bla vejez ene el Estado de Méxicoc/Alfonso Sánchez Arteche, Mónica Vela Cuevas y Araceli Pérez Damián aToluca, Méx. :bGobierno del Estado de México,c2010 a245 p.1 aPérez Damián, Araceli.1 aVela Cuevas, Mónica.